Najważniejsze osobistości II Rp - Statystyki

Ogólne statystyki
  • Ten quiz został rozwiązany 338 razy
  • Średni wynik to 16 z 30
Statystyki odpowiedzi
Opis Imię i nazwisko % Poprawnych
Naczelnik Państwa, dwukrotny premier, wieloletni minister spraw wojskowych Józef Klemens Piłsudski
92%
Współzałożyciel Narodowej Demokracji, najważniejsza postać polskiej prawicy Roman Stanisław Dmowski
91%
Pierwszy prezydent II RP zamordowany przez Eligiusza Niewiadomskiego Gabriel Narutowicz
86%
Słynny chemik i prezydent Ignacy Mościcki
85%
Wybitny pianista, jego znajomość z prezydentem W. Wilsonem pomogła wrócić Polsce na mapy Europy Ignacy Jan Paderewski
84%
Noblista w dziedzinie literatury za rok 1924 ("Chłopi") Władysław Stanisław Reymont
78%
Minister spraw zagranicznych, autor słów "My w Polsce nie znamy pojęcia pokoju za wszelką cenę." Józef Beck
76%
Premier, generał, podczas II WŚ Naczelny Wódz Władysław Eugeniusz Sikorski
76%
Dowódca II Brygady Legionów Polskich, dokonał zaślubin Polski z morzem Józef Haller
71%
Marszałek, mianowany przez prezydenta generalnym inspektorem Sił Zbrojnych, zmarł w niejasnych okolicznościach w okupowanej Polsce Edward Śmigły-Rydz
69%
Prezydent sprawujący urząd podczas przewrotu majowego Stanisław Wojciechowski
69%
Trzykrotny premier, jego trzeci rząd został obalony w wyniku przewrotu majowego, później sądzony w procesie brzeskim, po którym udał się na emigrację Wincenty Witos
65%
Dwukrotny premier, drugi rząd realizował reformę walutową Władysław Dominik Grabski
63%
Wybitny minister gospodarki, do historii przeszedł głównie jako twórca Gdyni i Centralnego Okręgu Przemysłowego Eugeniusz Felicjan Kwiatkowski
58%
Jeden z najwybitniejszych aktorów II RP, wywieziony przez Sowietów na Syberię, gdzie ostatecznie zmarł Eugeniusz Bodo
57%
Polityk śląski, związany z chrześcijańską demokracją Wojciech Korfanty
55%
Premier rządu lubelskiego, związany z ruchem socjalistycznym Ignacy Ewaryst Daszyński
48%
Słynny poeta żydowskiego pochodzenia, założyciel grupy literackiej Skamander Julian Tuwim
44%
Prezydent miasta stołecznego Warszawy podczas jej heroicznej obrony w 1939 roku Stefan Bronisław Starzyński
43%
Prezydent RP na uchodźstwie (1939-1947), minister spraw wewnętrznych, senator, marszałek senatu Władysław Raczkiewicz
37%
Złoty medalista olimpiady w Los Angeles (1932) w biegu na 10 000 metrów, zginał w Palmirach, rozstrzelany przez nazistów Janusz Kusociński
36%
Jeden z najbliższych współpracowników marszałka, trzykrotny premier, popełnił samobójstwo w kwietniu 1939 roku Walery Jan Sławek
36%
Artysta związany z Zakopanem, autor "Szewców", na wieść o wkroczeniu Armii Czerwonej do Polski popełnił samobójstwo Stanisław Ignacy Witkiewicz
35%
Wieloletni marszałek sejmu (1922-1928), rozstrzelany w Palmirach Maciej Rataj
34%
Jeden z założycieli Obozu Narodowo-Radykalnego, później przywódca "Falangi" Bolesław Bogdan Piasecki
32%
Jeden z najlepszych polskich piłkarzy, po wybuchu II WŚ grał dla III Rzeszy Ernest Otton Wilimowski
32%
Generał Wojska Polskiego, premier w latach 1936-1939 Felicjan Sławoj Składkowski
27%
Minister w rządzie lubelskim, premier od 1918 do 1919 Jędrzej Moraczewski
25%
Rektor Politechniki Lwowskiej, matematyk, pięciokrotny premier Kazimierz Władysław Bartel
24%
Archeolog i premier, przez niektórych oskarżany o próbę utworzenia kolaborującego z III Rzeszą rządu Leon Tadeusz Kozłowski
6%
Nie znaleziono quizów pasujących do podanych kryteriów
Rozkład punktacji
Procent ludzi z każdym wynikiem
Percentyl według liczby udzielonych odpowiedzi
Twoja historia wyników
Nie rozwiązałeś tego quizu